000 00927nas a2200277 4500
001 BR9803071
003 BR-BrBNA
005 20231205100812.0
007 ta
008 230509b bl.|||p| |||| 00| 00por d
040 _aBR-BrBNA
_bpor
_cBiblioteca Nacional de Agricultura
041 _a(Pt)
072 _aQ03
100 1 _aLeitao, M.F. de F.
100 1 _aSilveira, N.F. de A.
245 1 _aInfluencia da temperatura ambiental na natureza e potencial deteriorador da microbiota bacteriana de peixes em ambientes lacustres tropicais
650 _aPeixe de Agua Doce
650 _aPeixe Congelado
650 _aArmazenamento
650 _aTemperatura
650 _aMeio Ambiente
650 _aDeterioracao
773 0 _tColetanea do Instituto de Tecnologia de Alimentos (Brazil)
_xISSN 0100-350X
_g(Jan-Jun 1993), v. 23(1) p. 85-97
_wBR9803071
909 _a202311
_bLúcia
_c55
_dLúcia Elande
942 _2AGRIS
_n0
_cANA
999 _c158177
_d158177